00709nam a2200229 a 4500001001300000003000900013005001700022008004100039020002300080082001800103100001300121245006500134260004100199300000900240500003500249505001000284650003400294902000800328942000700336952011900343999001700462nice12345678IN_TiNIC20260116014844.0090129s2008 newa grp 000 0 eng  a8170366801 c42000a320.0954bLOW aLow, D A aFreedom, Trauma, Continuitiesb North India and Independence aNew Delhi bSage Publications c2008 a237p aincludes index and biblioraphy2 aindex aIndia-Politics and Government bSRS cBK 001040708StackRoom-aHMIbHMId2009-01-29g420.00l0o320.0954 LOWp022667r2009-01-29v420.00w2009-01-29yBK c17292d17292